| 000 | 00563nam a2200157Ia 4500 | ||
|---|---|---|---|
| 008 | 100122s9999 xx 000 0 und d | ||
| 082 |
_b23187 _a820.09 |
||
| 100 | _aअदवंत म ना | ||
| 245 | _aमराठीतील काही कथाकार (वा.क.क्र.1/5) | ||
| 250 | _a1 | ||
| 260 | _c1965 | ||
| 300 | _a152 | ||
| 630 | _aमराठीतील काही कथाकार (वा.क.क्र.1/5) | ||
| 730 | _aमराठीतील काही कथाकार (वा.क.क्र.1/5) | ||
| 942 | _cBOOK | ||
| 999 |
_c410791 _d410788 |
||